| 000 | 00691nam a2200229 u 4500 | ||
|---|---|---|---|
| 005 | 20220916063631.0 | ||
| 008 | 151117s2010 r 000 0 eng d | ||
| 020 | _a9781615903351 | ||
| 035 | _aUPN01000206810 | ||
| 049 | _aI | ||
| 050 | 4 |
_aBF469 _bM5.2 |
|
| 100 | 1 |
_aMitten, Luana K., _d1965- _938371 |
|
| 245 | 1 | 0 |
_aArriba y debajo / _cLuana Mitten, Meg Greve. |
| 260 |
_aMinnesota, E.U.A. : _bRourke, _cc2010. |
||
| 300 |
_a24 p . : _bprincipalmente il. col. |
||
| 440 | 0 | _aConceptos | |
| 650 | 4 |
_aPERCEPCION ESPACIAL - _vLITERATURA INFANTIL _924635 |
|
| 650 | 7 |
_aLibros ilustrados para niƱos _2 _921365 |
|
| 700 | 1 |
_aGreve, Meg, _ecoaut. |
|
| 905 | _aInfantil | ||
| 999 |
_c178911 _d178911 |
||